01266nam a22003014a 4500001001100000003000800011006001900019007001500038008004100053010001700094020002800111040002100139035002000160050002400180082002000204100003300224245011700257260003900374300001600413504006600429533015200495650005200647650006500699650002900764655002900793710001700822856012500839ebr5004425CaPaEBRm u cr cn|||||||||981118s1999 ctu sb 001 0 eng  z 98053394  z0275965759 (alk. paper) aCaPaEBRcCaPaEBR a(OCoLC)4980332814aHQ1421b.R64 1999eb04a305.42/09732211 aRodnitzky, Jerome L.,d1936-10aFeminist phoenixh[electronic resource] :bthe rise and fall of a feminist counterculture /cJerry L. Rodnitzky. aWestport, Conn. :bPraeger,c1999. axii, 221 p. aIncludes bibliographical references (p. [203]-210) and index. aElectronic reproduction.bPalo Alto, Calif. :cebrary,d2013.nAvailable via World Wide Web.nAccess may be limited to ebrary affiliated libraries. 0aFeminismzUnited StatesxHistoryy20th century. 0aFeminism and the artszUnited StatesxHistoryy20th century. 0aNew LeftzUnited States. 7aElectronic books.2local2 aebrary, Inc.40uhttp://site.ebrary.com/lib/rucke/Doc?id=5004425zAn electronic book accessible through the World Wide Web; click to view